[Event "Masdenverge op 6th"]
[Site "Masdenverge"]
[Date "2017.06.30"]
[Round "1"]
[White "Buch Prades, Joan"]
[Black "Salvado Garcia, Marc"]
[Result "1-0"]
[WhiteElo "2077"]
[BlackElo "1487"]
[PlyCount "67"]
[EventDate "2017.06.30"]
[EventType "swiss"]
[EventRounds "7"]
[EventCountry "ESP"]
[SourceTitle "EXT 2019"]
[Source "ChessBase"]
[SourceDate "2018.10.10"]
[SourceVersion "1"]
[SourceVersionDate "2018.10.10"]
[SourceQuality "1"]

1. d4 d5 2. c4 c6 3. Nf3 Nf6 4. Nc3 e6 5. cxd5 cxd5 6. Bg5 h6 7. Bh4 Be7 8. e3 0-0 9. Bd3 Nbd7 10. 0-0 Re8 11. Rc1 a6 12. Bb1 b5 13. Qd3 Bb7 14. Ne5 Nf8 15. a3 Rc8 16. Bxf6 Bxf6 17. f4 Be7 18. Rf3 Bd6 19. Rcf1 f5 20. g4 fxg4 21. Nxg4 Rc7 22. Rg3 Qh4 23. Ne5 Qd8 24. Ne2 g5 25. Kh1 Ree7 26. fxg5 hxg5 27. Nf4 Bxe5 28. dxe5 Rg7 29. Nh5 Rg6 30. Rxf8+ Kxf8 31. Rf3+ Ke7 32. Qxg6 Rc1+ 33. Kg2 d4 34. Qf7# 1-0